书目信息 |
| 书名: | Russian word count | |
| 作者: | [by] E. ?teinfeldt. [Translated by V. Korotky]. | |
| 分册号: | ||
| 分册名: | 出版地: | Moscow : |
|
| 出版社: | Progress Publishers | |
| 出版时间: | [1965?]. | |
| 页数: | 227 p. ; | |
| 开本: | 22 cm. | |
| 丛书名: | ||
| 中图分类号: | ||
| 科图分类号: | ||
| 其他分类号: | H316 | |
| 主题词: | ||
| 电子资源: | ||
| 000 | 00749nam 22000229n 450 9 | |
| 001 | 0298490606 | |
| 005 | 20070302090420.18 | |
| 008 | 750225m1965 u y b 000 0 | |
| 040 | @aSER@eWOO | |
| 041 | @aeng@aeng@irus | |
| 050 | @aPG2691@b.S813 | |
| 090 | @aH353.1 | |
| 090 | @aH316 | |
| 099 | @dH316@ex57 | |
| 100 | 1 | @a?teinfeldt@cEvi. |
| 245 | 10 | @aRussian word count / @c[by] E. ?teinfeldt. [Translated by V. Korotky]. |
| 260 | 1 | @aMoscow :@bProgress Publishers,@c[1965?]. |
| 300 | @a227 p. ;@c22 cm. | |
| 500 | @aAdded t.p., in Russian. | |
| 500 | @aTranslation of: Chastotny? slovar? sovremennogo russkogo literaturnogo i?a?zyka (romanized form). | |
| 504 | @aBibliographical footnotes. | |
| 650 | 4 | @aRussian language@xWord frequency. |
| Russian word count / / [by] E. ?teinfeldt. [Translated by V. Korotky].-Moscow : : Progress Publishers, , [1965?]. |
| 227 p. ; ; 22 cm. |
| Added t.p., in Russian.-Translation of: Chastotny? slovar? sovremennogo russkogo literaturnogo i?a?zyka (romanized form).-Bibliographical footnotes. |
| ISBN |
| ● |
| 相关链接 |
|
|
|
|
正题名:Russian word count
索取号:H316/x57
 
预约/预借
| 序号 | 登录号 | 条形码 | 馆藏地/架位号 | 状态 | 备注 |
| 1 | 13209 | 001430062 | 密集书库/ [索取号:H316/x57] | 在馆 |